<?xml version="1.0" encoding="UTF-8"?>
<marc:record xmlns:marc="http://www.loc.gov/MARC21/slim">
   <marc:leader>00000nam a2200000 a 4500</marc:leader>
   <marc:datafield ind1="1" ind2=" " tag="100">
      <marc:subfield code="a">Boehme, Julia</marc:subfield>
      <marc:subfield code="4">aut</marc:subfield>
      <marc:subfield code="e">Verfasser/-in</marc:subfield>
   </marc:datafield>
   <marc:datafield ind1="1" ind2=" " tag="100">
      <marc:subfield code="a">Wieker, Katharina</marc:subfield>
   </marc:datafield>
   <marc:datafield ind1="0" ind2="0" tag="245">
      <marc:subfield code="a">Magische Prinzessinnen-Geschichten für Erstleser</marc:subfield>
   </marc:datafield>
   <marc:datafield ind1="0" ind2="0" tag="245">
      <marc:subfield code="c">Julia Boehme</marc:subfield>
   </marc:datafield>
   <marc:datafield ind1=" " ind2="1" tag="264">
      <marc:subfield code="a">Würzburg</marc:subfield>
      <marc:subfield code="b">Arena</marc:subfield>
      <marc:subfield code="c">2021</marc:subfield>
   </marc:datafield>
   <marc:datafield ind1="1" ind2=" " tag="490">
      <marc:subfield code="a">Der Bücherbär</marc:subfield>
   </marc:datafield>
   <marc:datafield ind1="1" ind2=" " tag="520">
      <marc:subfield code="a">Angaben aus der Verlagsmeldung

Magische Prinzessinnen-Geschichten für Erstleser : Sammelband zum Mitlesen ab 5 Jahren, Bilder ersetzen Hauptwörter / von Julia Boehme

Ein zauberhafter Erstlesespaß mit drei kurzen Geschichten zum Vorlesen und Mitlesen für Vorschulkinder.
Damit auch Vorschulkinder „mitlesen“ können, ersetzen Bilder die Hauptwörter. Das macht neugierig und Lust auf mehr.

Das blaue Zauberpferd der kleinen Prinzessin wird von der bösen Hexe im großen Schloss gefangen gehalten. Nur wenn die kleine Prinzessin drei Aufgaben lösen kann, wird das blaue Pferd vom Zauber erlöst. Auch ein Prinz braucht die Hilfe der kleinen Prinzessin: Er wurde von einem fauchenden Drachen entführt! Und im Land der Riesen geraten die kleine Prinzessin und ihr blaues Pferd in ein verzwicktes Abenteuer …

Lesen lernen mit dem Bücherbär

Empfohlen von Westermann

Der Titel ist auf Antolin.de gelistet.

</marc:subfield>
   </marc:datafield>
   <marc:datafield ind1=" " ind2=" " tag="020">
      <marc:subfield code="a">9783401717708</marc:subfield>
      <marc:subfield code="9">9783401717708</marc:subfield>
   </marc:datafield>
   <marc:datafield ind1=" " ind2=" " tag="020">
      <marc:subfield code="a">3401717707</marc:subfield>
      <marc:subfield code="9">3401717707</marc:subfield>
   </marc:datafield>
   <marc:datafield ind1=" " ind2=" " tag="041">
      <marc:subfield code="a">ger</marc:subfield>
   </marc:datafield>
   <marc:datafield ind1=" " ind2=" " tag="300">
      <marc:subfield code="a">152 Seiten</marc:subfield>
   </marc:datafield>
</marc:record>
